Drag race France-Qui a dit ça ? - Statistiques

Statistiques générales
  • Ce quiz a été pris 656 fois
  • Le résultat moyen est 9 sur 15
Statistiques - réponses
Hint Réponse % Correct
"CORNICHON,JE VEUX UN CHALLENGE DE CUISINE" Big Bertha
88%
"Comment osez-vous priver le peuple des plus belles miches de France ?!?" La Briochée
85%
"Au glam citoyennes" Nicky Doll
77%
"1,2,3,...___" Kam Hugh
72%
"Moi je suis une reine du sud" Lova la Diva
68%
"No shade" Soa de Muse
67%
"j'suis actif" Paloma
65%
"C'est le camembert qui dit roquefort tu pues" Paloma
62%
"On dirait un oncle bourré à un mariage au bled" La Kahena
60%
"J'en ai marre de me taire maintenant je CRIE" Elips
58%
"ok,..on a une perruque mal coiffée qui rentre dans l'atelier" Kam Hugh
49%
"...et puis on a Lolita, les Oompas Loompa" La Grande Dame
46%
"Elips c'est comme un pet furtif" Big Bertha
33%
"Girl, je suis Molière" Lolita Banana
32%
"BROCHETTE, sans sel, sans sauce" Soa de Muse
31%
Aucun quiz correspondant
Distribution des résultats
% des personnes avec chaque résultat
Percentile par nombre de réponses
Votre historique - résultats
Vous n’avez pas pris ce quiz